Phrases that Contain Countries - Statistics

General Stats
  • This quiz has been taken 23 times
  • The average score is 7 of 18
Answer Stats
Hint Answer % Correct
To kiss with tongue French Kiss
95%
To split the bill Go Dutch
81%
A game involving a gun and a single bullet Russian Roulette
81%
When in a foreign land, follow the customs of those who live there When in Rome
62%
To drink alcohol to get courage Dutch Courage
52%
In the late autumn when the weather is unusually warm Indian Summer
52%
A game involving marbles and a star-shaped board Chinese Chequers
48%
A brimmed straw hat of Ecuadorian origin Panama Hat
43%
When saying something impolite or a swear word Pardon My French
38%
From Hamlet, to describe a situation in which something is wrong Rotten in the State of Denmark
38%
The act of placing both hands on a person's arm and then twisting it to produce a burning sensation Chinese Burn
33%
A confrontation in which no side can win Mexican Standoff
29%
A type of steam bath Turkish Bath
29%
When something is difficult to understand That's Greek to Me
24%
A young rebel who is part of an organisation A Young Turk
14%
To have dark and beautiful eyes Spanish Eyes
14%
The act of roughly rubbing one's knuckles across the top of another person's head Dutch Rub
5%
To describe someone who can talk for hours Talk for England
5%
No matching quizzes found
Score Distribution
Percent of People with Each Score
Percentile by Number Answered
Your Score History
You have not taken this quiz